[Event "ROM-ch blitz"]
[Site "Bucharest"]
[Date "2022.03.13"]
[Round "2"]
[White "Dobre, Mihai"]
[Black "Costachi, Mihnea"]
[Result "0-1"]
[WhiteElo "1894"]
[BlackElo "2464"]
[PlyCount "76"]
[EventDate "2022.03.13"]
[EventType "swiss (blitz)"]
[EventRounds "9"]
[EventCountry "ROU"]
[SourceTitle "EXT 2023"]
[Source "ChessBase"]
[SourceDate "2022.10.05"]
[SourceVersion "1"]
[SourceVersionDate "2022.10.05"]
[SourceQuality "1"]

1. e4 e5 2. Nf3 Nc6 3. Bc4 Bc5 4. c3 Nf6 5. d3 d6 6. Bb3 a6 7. h3 h6 8. Nbd2 Ba7 9. Nf1 Be6 10. Ng3 d5 11. 0-0 Qd7 12. Kh2 0-0-0 13. Ba4 b5 14. Bc2 dxe4 15. dxe4 Bc4 16. Be3 Bxe3 17. fxe3 Qxd1 18. Rfxd1 g6 19. a4 Rxd1 20. Rxd1 Rd8 21. axb5 Rxd1 22. Bxd1 axb5 23. Nd2 Bd3 24. Be2 Bxe2 25. Nxe2 Kd7 26. Kg3 Kd6 27. Kf3 b4 28. Nc1 bxc3 29. bxc3 Nd7 30. Nd3 Na5 31. g4 Ke6 32. h4 Nb6 33. Nb2 Kd6 34. h5 gxh5 35. gxh5 Ke6 36. Nf1 Nac4 37. Nxc4 Nxc4 38. Ng3 Kf6 0-1

[Event "ROM-ch Rapid"]
[Site "Bucharest"]
[Date "2022.03.12"]
[Round "6"]
[White "Cosma, Ioan"]
[Black "Dobre, Mihai"]
[Result "1/2-1/2"]
[WhiteElo "2396"]
[BlackElo "1948"]
[PlyCount "69"]
[EventDate "2022.03.11"]
[EventType "swiss (rapid)"]
[EventRounds "9"]
[EventCountry "ROU"]
[SourceTitle "CBM 207 Extra"]
[Source "ChessBase"]
[SourceDate "2022.05.31"]
[SourceVersion "1"]
[SourceVersionDate "2022.05.31"]
[SourceQuality "1"]

1. d4 d5 2. c4 e6 3. Nf3 c5 4. cxd5 exd5 5. g3 Nf6 6. Bg2 Nc6 7. 0-0 Be7 8. Nc3 0-0 9. Bg5 Be6 10. dxc5 h6 11. Bxf6 Bxf6 12. e3 Bxc3 13. bxc3 Qa5 14. Nd4 Qxc5 15. Qb3 Na5 16. Qb4 Rac8 17. Rfc1 Bg4 18. Qxc5 Rxc5 19. Nb3 Rb5 20. Nd4 Rc5 21. Nb3 Rb5 22. Nxa5 Rxa5 23. c4 dxc4 24. Rxc4 Be6 25. Rc7 b5 26. Rc5 Rd8 27. Bf1 Rxa2 28. Rxa2 Bxa2 29. Bxb5 Rd1+ 30. Kg2 Bd5+ 31. Kh3 Be6+ 32. Kg2 Bd5+ 33. Kh3 Be6+ 34. Kg2 Bd5+ 35. Kh3 1/2-1/2

[Event "ROM-ch Rapid"]
[Site "Bucharest"]
[Date "2022.03.11"]
[Round "2"]
[White "Jianu, Vlad Cristian"]
[Black "Dobre, Mihai"]
[Result "1-0"]
[WhiteElo "2527"]
[BlackElo "1948"]
[PlyCount "57"]
[EventDate "2022.03.11"]
[EventType "swiss (rapid)"]
[EventRounds "9"]
[EventCountry "ROU"]
[SourceTitle "CBM 207 Extra"]
[Source "ChessBase"]
[SourceDate "2022.05.31"]
[SourceVersion "1"]
[SourceVersionDate "2022.05.31"]
[SourceQuality "1"]

1. d4 d5 2. Nf3 Nf6 3. c4 e6 4. Nc3 c5 5. cxd5 exd5 6. g3 Nc6 7. Bg2 Be7 8. 0-0 0-0 9. dxc5 Bxc5 10. Na4 Bd6 11. Bg5 Be6 12. Rc1 h6 13. Be3 Re8 14. Nc5 Qe7 15. Nxe6 fxe6 16. Qa4 Nd7 17. Rfd1 Nb6 18. Qb3 Nc4 19. Bd4 Nxd4 20. Nxd4 Kh8 21. e4 Na5 22. Qb5 Nc6 23. Nxc6 bxc6 24. Qxc6 Be5 25. exd5 exd5 26. Re1 d4 27. f4 d3 28. Rxe5 d2 29. Rxe7 1-0

[Event "ROM-chT"]
[Site "Baile Govora"]
[Date "2017.11.19"]
[Round "9.4"]
[White "Dobre, Mihai"]
[Black "Paraschiv, Paul Alexandru"]
[Result "1-0"]
[WhiteElo "2044"]
[BlackElo "2255"]
[PlyCount "85"]
[EventDate "2017.11.11"]
[EventType "team-tourn"]
[EventRounds "9"]
[EventCountry "ROU"]
[SourceTitle "EXT 2019"]
[Source "ChessBase"]
[SourceDate "2018.10.10"]
[SourceVersion "1"]
[SourceVersionDate "2018.10.10"]
[SourceQuality "1"]
[WhiteTeam "Buzau Phoenix"]
[BlackTeam "Oltenia Craiova"]
[WhiteTeamCountry "ROU"]
[BlackTeamCountry "ROU"]

1. e4 e6 2. d4 d5 3. Nc3 Nf6 4. Bg5 dxe4 5. Nxe4 Be7 6. Bxf6 gxf6 7. Nf3 f5 8. Nc3 c5 9. Bb5+ Bd7 10. Qe2 cxd4 11. Nxd4 Bxb5 12. Qxb5+ Qd7 13. 0-0-0 Qxb5 14. Ndxb5 Na6 15. Nd6+ Bxd6 16. Rxd6 Rg8 17. g3 Nc7 18. Rhd1 Rg4 19. f3 Rc4 20. R1d3 Rc8 21. b3 Rc5 22. Na4 Re5 23. R6d4 Nd5 24. Kd2 f4 25. g4 Ne3 26. c4 b5 27. Nb2 Ng2 28. cxb5 Ne1 29. Nc4 Nxd3 30. Kxd3 Rxc4 31. Kxc4 Re2 32. a4 e5 33. Rd5 Ke7 34. h4 Ke6 35. Rd8 Ke7 36. Ra8 e4 37. Rxa7+ Ke6 38. b6 Rc2+ 39. Kd4 exf3 40. b7 Rd2+ 41. Ke4 f2 42. b8Q f1Q 43. Qe5# 1-0

[Event "ROM-ch U18"]
[Site "Calimanesti"]
[Date "2014.04.13"]
[Round "9"]
[White "David, Alexandru Vasile"]
[Black "Dobre, Mihai"]
[Result "1-0"]
[WhiteElo "2166"]
[BlackElo "2018"]
[PlyCount "47"]
[EventDate "2014.04.06"]
[EventType "swiss"]
[EventRounds "9"]
[EventCountry "ROU"]
[SourceTitle "CBM 160 Extra"]
[Source "ChessBase"]
[SourceDate "2014.07.01"]
[SourceVersion "1"]
[SourceVersionDate "2014.07.01"]
[SourceQuality "1"]

1. d4 d6 2. e4 g6 3. c4 Bg7 4. Nc3 Nf6 5. h3 0-0 6. Bg5 c6 7. Nf3 a6 8. Bd3 b5 9. 0-0 Nfd7 10. Rc1 Bb7 11. b3 f6 12. Be3 e5 13. dxe5 dxe5 14. cxb5 axb5 15. a4 bxa4 16. Nxa4 Ba6 17. Bxa6 Rxa6 18. Qd3 Qa5 19. Rfd1 Qb4 20. Nc5 Ra7 21. Ne6 Rb7 22. Nxf8 Bxf8 23. Nd2 Rb5 24. Qc4+ 1-0

[Event "ROM-ch U18"]
[Site "Calimanesti"]
[Date "2013.04.05"]
[Round "5"]
[White "Dobre, Mihai"]
[Black "Lupascu, Matei Alexandru"]
[Result "1-0"]
[WhiteElo "2007"]
[BlackElo "2058"]
[PlyCount "87"]
[EventDate "2013.04.02"]
[EventType "swiss"]
[EventRounds "9"]
[EventCountry "ROU"]
[SourceTitle "CBM 153 Extra"]
[Source "ChessBase"]
[SourceDate "2013.04.22"]
[SourceVersion "1"]
[SourceVersionDate "2013.04.22"]
[SourceQuality "1"]

1. e4 c5 2. Nf3 e6 3. d4 cxd4 4. Nxd4 a6 5. Bd3 Nf6 6. 0-0 Qc7 7. Qe2 d6 8. c4 g6 9. f4 Bg7 10. Nc3 0-0 11. Kh1 Nc6 12. Nb3 b6 13. Be3 Bb7 14. Rac1 Nd7 15. Qf2 Nc5 16. Bb1 Rfd8 17. Rfd1 Rac8 18. Rd2 Qb8 19. Rcd1 Bf8 20. Nd4 Qa8 21. b3 Be7 22. Nde2 Qb8 23. h3 Ba8 24. f5 b5 25. cxb5 axb5 26. Nf4 b4 27. Nce2 Rf8 28. Qg3 exf5 29. exf5 Ne5 30. Nd5 Bxd5 31. Rxd5 Kh8 32. Bd4 Bf6 33. Nf4 gxf5 34. Bxf5 Rg8 35. Qf2 Rce8 36. Nh5 Bd8 37. Bb1 Qc7 38. Nf6 Bxf6 39. Qxf6+ Rg7 40. Rxd6 Ncd7 41. Qh6 Qb7 42. Rd2 f6 43. Bxe5 fxe5 44. Qxg7+ 1-0

[Event "ROM-ch U18"]
[Site "Calimanesti"]
[Date "2013.04.03"]
[Round "3"]
[White "Dobre, Mihai"]
[Black "Bogdan, Horia Daniel"]
[Result "1-0"]
[WhiteElo "2007"]
[BlackElo "1898"]
[PlyCount "89"]
[EventDate "2013.04.02"]
[EventType "swiss"]
[EventRounds "9"]
[EventCountry "ROU"]
[SourceTitle "CBM 153 Extra"]
[Source "ChessBase"]
[SourceDate "2013.04.22"]
[SourceVersion "1"]
[SourceVersionDate "2013.04.22"]
[SourceQuality "1"]

1. e4 e5 2. Nf3 Nc6 3. d4 exd4 4. Nxd4 Nf6 5. Nc3 Bb4 6. Nxc6 bxc6 7. Bd3 d5 8. exd5 cxd5 9. 0-0 0-0 10. Bg5 c6 11. Qf3 Be7 12. Rfe1 h6 13. Bh4 Re8 14. h3 Rb8 15. Rab1 Be6 16. Ne2 d4 17. Qxc6 Bxa2 18. Ra1 Rxb2 19. Nxd4 g5 20. Qc3 Qb6 21. Nf5 gxh4 22. Nxe7+ Kf8 23. Qa3 Qb4 24. Qxb4 Rxb4 25. Rxa2 Rxe7 26. Rxe7 Kxe7 27. Rxa7+ Kf8 28. Rc7 Nd5 29. Rc4 Rxc4 30. Bxc4 Nf4 31. Bd3 Ke7 32. Be4 Kd6 33. Kf1 Ke5 34. Bf3 Kd4 35. Ke1 Kc3 36. Be4 Ne6 37. Ke2 Nd4+ 38. Ke3 Nxc2+ 39. Bxc2 Kxc2 40. f4 Kc3 41. Ke4 Kd2 42. f5 Ke2 43. Kf4 Kf2 44. Kg4 Kxg2 45. f6 1-0

[Event "ROM-ch op"]
[Site "Sarata Monteoru"]
[Date "2011.02.18"]
[Round "9"]
[White "Dobre, Mihai"]
[Black "Pisu, Robert Daniel"]
[Result "1/2-1/2"]
[WhiteElo "1875"]
[BlackElo "1965"]
[PlyCount "126"]
[EventDate "2011.02.12"]
[EventType "swiss"]
[EventRounds "11"]
[EventCountry "ROU"]
[SourceTitle "EXT 2013"]
[Source "ChessBase"]
[SourceDate "2012.11.22"]
[SourceVersion "1"]
[SourceVersionDate "2012.11.22"]
[SourceQuality "1"]

1. e4 e5 2. Bc4 Nf6 3. d3 c6 4. Nf3 d5 5. exd5 cxd5 6. Bb3 Nc6 7. 0-0 Be7 8. Re1 Bg4 9. h3 Bxf3 10. Qxf3 0-0 11. Nc3 Nd4 12. Qg3 e4 13. dxe4 Nxe4 14. Nxe4 dxe4 15. Qe3 Nxb3 16. Qxb3 Bc5 17. Be3 Bxe3 18. Rxe3 Qh4 19. Rae1 Rae8 20. Qd5 Qf6 21. Qxb7 Rb8 22. Qxe4 Qxb2 23. Rb3 Rxb3 24. axb3 g6 25. f4 Rc8 26. Re2 Rd8 27. Kh2 Qf6 28. Qe5 Qb6 29. Qe3 Qd6 30. c4 Rb8 31. Rc2 Rb4 32. Rc3 Rb8 33. Qe4 Qd2 34. Qe3 Qd7 35. c5 Qc6 36. Qf3 Qxf3 37. Rxf3 Kf8 38. Kg3 Ke7 39. Rd3 Rb5 40. c6 Rc5 41. Rd7+ Ke6 42. Rxa7 Rc3+ 43. Kh4 Rxc6 44. Rb7 Rc3 45. b4 Rb3 46. b5 Kf6 47. b6 h6 48. Kg4 h5+ 49. Kh4 Kg7 50. f5 Kf6 51. fxg6 fxg6 52. Rb8 Kg7 53. b7 Rb1 54. Kg3 Rb4 55. Kf3 Kh7 56. Ke3 Kg7 57. Kd3 Kh7 58. Kc3 Rb1 59. Kc4 Kg7 60. Kc5 Rc1+ 61. Kd5 Rb1 62. Kc6 Rc1+ 63. Kb6 Rb1+ 1/2-1/2

[Event "ROM-ch op"]
[Site "Sarata Monteoru"]
[Date "2011.02.16"]
[Round "6"]
[White "Adoamnei, Roxana Antonela"]
[Black "Dobre, Mihai"]
[Result "1/2-1/2"]
[WhiteElo "1983"]
[BlackElo "1875"]
[PlyCount "90"]
[EventDate "2011.02.12"]
[EventType "swiss"]
[EventRounds "11"]
[EventCountry "ROU"]
[SourceTitle "CBM 140 Extra"]
[Source "ChessBase"]
[SourceDate "2011.03.01"]
[SourceVersion "1"]
[SourceVersionDate "2011.03.01"]
[SourceQuality "1"]

1. d4 Nf6 2. Nf3 g6 3. e3 Bg7 4. c4 0-0 5. Nc3 d6 6. Bd3 Nbd7 7. Bc2 c6 8. h3 e5 9. dxe5 dxe5 10. e4 Qe7 11. Be3 Rd8 12. Qe2 Nh5 13. 0-0-0 Nf4 14. Qf1 Nb6 15. Rxd8+ Qxd8 16. c5 Nd7 17. g3 Ne6 18. Qc4 Qf6 19. Nd2 Bf8 20. b4 a5 21. a3 axb4 22. axb4 Ra1+ 23. Ncb1 Nc7 24. Kb2 Ra8 25. Bb3 Nb8 26. Bg5 Qg7 27. Nc3 Be6 28. Qd3 Nba6 29. Na2 Bxb3 30. Nxb3 Ne6 31. h4 f6 32. Qc4 Qf7 33. Be3 Rd8 34. Na5 Rd7 35. Rc1 f5 36. f4 Bg7 37. Ka3 exf4 38. gxf4 fxe4 39. Qxe4 Qf6 40. Rc2 Nac7 41. Nb3 Nb5+ 42. Ka4 Kf7 43. h5 Rd8 44. hxg6+ hxg6 45. Qc4 Ke7 1/2-1/2

[Event "ROM-ch op"]
[Site "Sarata Monteoru"]
[Date "2011.02.15"]
[Round "5"]
[White "Dobre, Mihai"]
[Black "Soare, Flavius Alexandru"]
[Result "1-0"]
[WhiteElo "1875"]
[BlackElo "1670"]
[PlyCount "81"]
[EventDate "2011.02.12"]
[EventType "swiss"]
[EventRounds "11"]
[EventCountry "ROU"]
[SourceTitle "EXT 2013"]
[Source "ChessBase"]
[SourceDate "2012.11.22"]
[SourceVersion "1"]
[SourceVersionDate "2012.11.22"]
[SourceQuality "1"]

1. e4 c5 2. Nc3 Nc6 3. Nge2 e6 4. g3 g6 5. Bg2 Bg7 6. d3 Nge7 7. Be3 d6 8. Qd2 h5 9. h4 a6 10. a4 Rb8 11. 0-0 0-0 12. f4 b5 13. axb5 axb5 14. d4 Qb6 15. d5 exd5 16. Nxd5 Nxd5 17. Qxd5 Nb4 18. Qd2 Bg4 19. f5 Bxe2 20. Qxe2 Nc6 21. f6 Bh8 22. g4 hxg4 23. Qxg4 Qd8 24. Qg5 Re8 25. h5 Re5 26. Qg3 Rxh5 27. Rad1 Nd4 28. Bf3 Nxf3+ 29. Rxf3 Ra8 30. Rxd6 Ra1+ 31. Rf1 Qa5 32. Bc1 Qc7 33. Kg2 Ra4 34. Rfd1 Qb7 35. R1d5 Rxd5 36. exd5 Bxf6 37. Rxf6 Qxd5+ 38. Rf3 Qd1 39. Qb8+ Kg7 40. Qe5+ Kg8 41. Qe8+ 1-0

[Event "ROM-ch U14"]
[Site "Voineasa"]
[Date "2010.04.12"]
[Round "7"]
[White "Lupascu, Matei Alexandru"]
[Black "Dobre, Mihai"]
[Result "0-1"]
[WhiteElo "1733"]
[BlackElo "1856"]
[PlyCount "133"]
[EventDate "2010.04.08"]
[EventType "swiss"]
[EventRounds "9"]
[EventCountry "ROU"]
[SourceTitle "EXT 2020"]
[Source "ChessBase"]
[SourceDate "2019.10.17"]
[SourceVersion "1"]
[SourceVersionDate "2019.10.17"]
[SourceQuality "1"]

1. d4 Nf6 2. c4 g6 3. Nc3 Bg7 4. e4 d6 5. h3 0-0 6. Bg5 c5 7. d5 Na6 8. Be2 Nc7 9. Nf3 Bd7 10. Qd2 Rb8 11. Bh6 b5 12. Bxg7 Kxg7 13. Qc2 bxc4 14. Bxc4 Nb5 15. 0-0 Qc7 16. Rfe1 Nxc3 17. Qxc3 Bb5 18. Nd2 Kg8 19. Rab1 Rb7 20. Bxb5 Rxb5 21. Nc4 Rfb8 22. Rbd1 Nd7 23. b3 Nb6 24. Ne3 Nd7 25. Rc1 Qa5 26. Qc2 Qa6 27. Ng4 h5 28. Ne3 Rb4 29. Red1 Rc8 30. Nc4 Ne5 31. Nxe5 dxe5 32. f3 Rd4 33. Rxd4 exd4 34. Qd2 e6 35. dxe6 Qxe6 36. Qa5 Qb6 37. Qxb6 axb6 38. a4 f6 39. Kf2 Kf7 40. Ke2 Ke6 41. Kd3 h4 42. Kc4 Rc6 43. f4 g5 44. fxg5 fxg5 45. Rf1 Ke5 46. Kd3 Rg6 47. Rf5+ Ke6 48. Rf8 g4 49. hxg4 Rxg4 50. Rh8 Ke5 51. Re8+ Kf4 52. e5 Rg3+ 53. Kd2 Rxg2+ 54. Kd3 Kf5 55. e6 Kf6 56. e7 Kf7 57. Rh8 Kxe7 58. Rxh4 Rg3+ 59. Kc2 Kd6 60. Rh6+ Kc7 61. Rh7+ Kc6 62. Rh2 Kb7 63. Rf2 Ka6 64. Rh2 Ka5 65. Rf2 Rc3+ 66. Kb2 Kb4 67. Ka2 0-1

[Event "ROM-ch U14"]
[Site "Voineasa"]
[Date "2010.04.11"]
[Round "6"]
[White "Dobre, Mihai"]
[Black "David, Alexandru Vasile"]
[Result "0-1"]
[WhiteElo "1856"]
[BlackElo "1733"]
[PlyCount "38"]
[EventDate "2010.04.08"]
[EventType "swiss"]
[EventRounds "9"]
[EventCountry "ROU"]
[SourceTitle "EXT 2020"]
[Source "ChessBase"]
[SourceDate "2019.10.17"]
[SourceVersion "1"]
[SourceVersionDate "2019.10.17"]
[SourceQuality "1"]

1. e4 c5 2. c3 Nf6 3. e5 Nd5 4. d4 cxd4 5. Nf3 d6 6. cxd4 Nc6 7. Nc3 e6 8. Nxd5 exd5 9. Bb5 Qa5+ 10. Bd2 Qxb5 11. Qc2 dxe5 12. dxe5 Nb4 13. Bxb4 Bxb4+ 14. Nd2 Be6 15. a4 Qa6 16. f4 Rc8 17. Qb3 Qa5 18. Rd1 Bxd2+ 19. Rxd2 Rc1+ 0-1